000 00907nas a2200265 4500
001 BR2012003689
003 BR-BrBNA
005 20231205120602.0
007 ta
008 230509b bl.|||p| |||| 00| 00por d
040 _aBR-BrBNA
_bpor
_cBiblioteca Nacional de Agricultura
041 _a(Pt)
072 _aQ03
100 1 _aBraga Filho, E.
100 1 _aBraga, E.
100 1 _aBraga, K.L.M.
245 1 _aAvaliação sorológica de Toxoplasma Gondii, em ovinos criados em dois municípios do nordeste paraense: considerações relativas ao consumo humano de produtos e subprodutos dessa espécie
650 _aOVINO
650 _aTOXOPLASMA GONDII
650 _aPROTOZOÁRIO
650 _aCONTAMINAÇÃO
773 0 _tHigiene Alimentar (Brazil)
_xISSN 0101-9171
_g(Jan-Feb 2012), v. 26(204-205) p. 138-146
_wBR2012003689
909 _a202311
_bLúcia
_c55
_dLúcia Elande
942 _2AGRIS
_n0
_cANA
999 _c219270
_d219270